Top Players in NBA 2k18 - Statistics

General Stats
  • This quiz has been taken 823 times
  • The average score is 27 of 31
Answer Stats
Team Overall Answer % Correct
Cavaliers 97 LeBron James
100%
Warriors 94 Stephen Curry
100%
Rockets 95 James Harden
99%
Warriors 96 Kevin Durant
99%
Thunder 94 Russell Westbrook
99%
Pelicans 94 Anthony Davis
97%
Spurs 95 Kawhi Leonard
97%
Bucks 91 Giannis Antetokounmpo
96%
Timberwolves 91 Karl-Anthony Towns
94%
Warriors 90 Klay Thompson
94%
Celtics 90 Kyrie Irving
92%
Wizards 90 John Wall
91%
Thunder 91 Paul George
90%
TrailBlazers 89 Damien Lillard
88%
Warriors 88 Draymond Green
88%
Cavaliers 87 Kevin Love
88%
Wizards 87 Bradley Beal
86%
Nuggets 88 Nikola Jokic
86%
Raptors 89 DeMar DeRozan
85%
Timberwolves 90 Jimmy Butler
85%
Raptors 87 Kyle Lowry
85%
Pelicans 92 DeMarcus Cousins
84%
Grizzlies 89 Marc Gasol
83%
Jazz 88 Rudy Gobert
83%
Clippers 87 Blake Griffin
81%
Grizzlies 87 Mike Conley
74%
Clippers 87 DeAndre Jordan
73%
Cavaliers 89 Isaiah Thomas
72%
Celtics 88 Gordan Hayward
68%
Heat 87 Hassan Whiteside
62%
Nuggets 87 Paul Millsap
52%
No matching quizzes found
Score Distribution
Percent of People with Each Score
Percentile by Number Answered
Your Score History
You have not taken this quiz